Estatísticas para Países da Segunda Guerra Mundial

Clique aqui para jogar o quiz

Estatísticas Gerais

  • Esse quiz foi jogado 7 655 vezes
    (4 394 desde o último reset)
  • A pontuação média é 15 de 24

Estatísticas das Respostas

MortesPaís% Correto
5,318,000Alemanha
99%
407,300Estados Unidos
97%
341,000Itália
94%
210,000França
94%
2,300,000Japão
93%
383,700Reino Unido
89%
11,400,000União Soviética
84%
3,750,000China
83%
240,000Polônia
83%
18,200Países Baixos
65%
12,000Bélgica
64%
42,000Canadá
60%
200,000Hungria
57%
35,100Grécia
53%
39,700Austrália
50%
95,000Finlândia
42%
300,000Romênia
42%
18,500Bulgária
41%
446,000Iugoslávia
40%
11,700Nova Zelândia
31%
30,000Letônia
28%
25,000Lituânia
28%
34,000Estônia
27%
11,900África do Sul
25%

Distribuição das Pontuações

Percentil de Números Respondidos

Porcentagem de Pessoas com Cada Pontuação

Sua Pontuação Histórica

Você não jogou esse quiz desde o último reset